Crossword Blackout! VI Quiz Stats

 Plays Quiz Updated Jun 22, 2018

Support Sporcle.
Go Orange.
Score 0/67 Timer 14:00
2 Plays Today
% Correct
???
82.1%
???
66.1%
???
60.4%
???
54%
???
53.2%
???
51.7%
???
47.1%
???
44.7%
???
43.1%
???
39.3%
???
36.6%
???
36.6%
???
35.2%
???
35%
???
34.7%
???
33.6%
???
31.5%
???
31.3%
???
30.2%
???
29.9%
???
29.6%
???
28.2%
???
28%
???
27.9%
???
27.3%
???
27.3%
???
25.1%
???
24.8%
???
23.8%
???
23.7%
???
23.5%
???
23.5%
???
22.7%
???
22.5%
% Correct
???
21.6%
???
20.9%
???
20.8%
???
20.5%
???
20.2%
???
20.1%
???
19.8%
???
19.8%
???
19.8%
???
19.7%
???
19.6%
???
19.5%
???
19.3%
???
19.2%
???
19.2%
???
19.1%
???
19%
???
18.8%
???
18.8%
???
18.7%
???
18.3%
???
18.1%
???
17.9%
???
17.8%
???
17.6%
???
17.4%
???
17.3%
???
17.2%
???
16.7%
???
16.1%
???
15.5%
???
15.2%
???
15%

You're not logged in!

Compare scores with friends on all Sporcle quizzes.
OR
Log In
Forgot?

From the Vault

23 Ways to Not Spell 'Pole'

by manonthemoon

Language 90s
If you do really well on this quiz, you might want to consider avoiding spelling bees.
Remove Ads.
Support Sporcle.
Get the best of Sporcle when you Go Orange. This ad-free experience offers more features, more stats, and more fun while also helping to support Sporcle. Thank you for becoming a member.

Show Comments

Extras

Top Quizzes Today


Score Distribution

Your Account Isn't Verified!

In order to create a playlist on Sporcle, you need to verify the email address you used during registration. Go to your Sporcle Settings to finish the process.

Report this User

Report this user for behavior that violates our Community Guidelines.

Details: